La importancia de España en la historia de los derechos fundamentales : (Record no. 187930)
[ view plain ]
| 000 -LEADER | |
|---|---|
| campo de control de longitud fija | 00771nam a2200181 i 4500 |
| 001 - NÚMERO DE CONTROL | |
| campo de control | 187930 |
| 003 - IDENTIFICADOR DE NÚMERO DE CONTROL | |
| campo de control | ES-MaACL |
| 005 - FECHA Y HORA DE LA ÚLTIMA TRANSACCIÓN | |
| campo de control | 20250727190112.0 |
| 008 - DATOS DE LONGITUD FIJA--INFORMACIÓN GENERAL | |
| campo de control de longitud fija | 180326s1930 sp |||| | spa d |
| 100 1# - ENTRADA PRINCIPAL--NOMBRE DE PERSONA | |
| Nombre de persona | Wohlhaupter, Eugen. |
| 9 (RLIN) | 164456 |
| 245 13 - MENCIÓN DEL TÍTULO | |
| Título | La importancia de España en la historia de los derechos fundamentales : |
| Resto del título | conferencia pronunciada el día 26 de marzo de 1930 / |
| Mención de responsabilidad, etc. | por Eugen Wohlhaupter. |
| 260 ## - PUBLICACIÓN, DISTRIBUCIÓN, ETC. | |
| Lugar de publicación, distribución, etc. | Madrid : |
| Nombre del editor, distribuidor, etc. | [s.n.], |
| Fecha de publicación, distribución, etc. | 1930 ( |
| Fabricante | Blass tipogragía) |
| 300 ## - DESCRIPCIÓN FÍSICA | |
| Extensión | 36 p. ; |
| Dimensiones | 23 cm. |
| 490 1# - MENCIÓN DE SERIE | |
| Mención de serie | Conferencias dadas en el Centro de intercambio intelectual germano-español ; |
| Designación de volumen o secuencia | 28 |
| 830 00 - PUNTO DE ACCESO ADICIONAL DE SERIE-TÍTULO UNIFORME | |
| Título uniforme | Conferencias dadas en el Centro de Intercambio Intelectual Germano-Español |
| Designación de volumen o secuencia | 28 |
| 9 (RLIN) | 192904 |
| 852 ## - LOCALIZACIÓN | |
| Ubicación | ES-MaACL |
| Número de control de estantería | C-8111(23) |
| Estatus retirado | Estado de pérdida | Estado de daño | No para préstamo | Biblioteca de origen | Biblioteca actual | Ubicación en estantería | Fecha de adquisición | Fuente de adquisición | Total de préstamos | Signatura topográfica completa | Código de barras | Visto por última vez | Precio de reemplazo | Tipo de ítem Koha |
|---|---|---|---|---|---|---|---|---|---|---|---|---|---|---|
| Biblioteca del Ateneo de Madrid | Biblioteca del Ateneo de Madrid | Sala Palomar | 26/03/2018 | C-8111(23) | 1198582 | 23/02/2023 | 23/02/2023 | Libro impreso |
